ΕΟΚ και Ελλάδα : άρνηση ή αποδοχή

Αποθηκεύτηκε σε:
Λεπτομέρειες βιβλιογραφικής εγγραφής
Κύριος συγγραφέας: Ζαχαρέας, Αιμίλιος
Μορφή: Βιβλίο
Γλώσσα:Greek
Δημοσίευση: Αθήνα : Αντί, 1978.
Θέματα:
Ετικέτες: Προσθήκη ετικέτας
Δεν υπάρχουν, Καταχωρήστε ετικέτα πρώτοι!

MARC

LEADER 00000cam a2200000 i 4500
001 1/29407
008 060515s1978 gr | ||| |||| ||gre||
035 |l 10083892 
040 |a GR-MyUa  |b gre  |e AACR2 
041 0 |a gre 
082 7 |a 337.142   |2 (22) 
100 1 |a Ζαχαρέας, Αιμίλιος. 
245 1 0 |a ΕΟΚ και Ελλάδα :   |b άρνηση ή αποδοχή /   |c Αιμίλιος Ζαχαρέας ...[κ.α.]. 
260 |a Αθήνα :   |b Αντί,   |c 1978. 
300 |a 134 σ. ;   |c 20 εκ. 
504 |a Περιέχει βιβλιογραφία και επίμετρο. 
610 2 0 |a European Economic Community  |z Greece. 
651 0 |a Greece  |x Economic conditions  |y 1974- 
651 0 |a Greece  |x Economic policy  |y 1974- 
852 |a INST  |b LESVOS  |e 20060515  |h 337.142 ΖΑΧ  |p 005100034967  |q 005100034967  |t BK  |y 0 
901 |a BIBL1-2006-2 
970 |a Καρά  |b Γιασεμή  |z 15/05/2006